| 000 | 01400nam a2200361 a 4500 | ||
|---|---|---|---|
| 001 | 000113045 | ||
| 003 | CHAP | ||
| 005 | 20220329144335.0 | ||
| 008 | 170329s2016 mx sm |||||||spa d | ||
| 010 | _a109506 | ||
| 011 | _a110478 | ||
| 040 | _cCHAP | ||
| 090 | _aTesis | ||
| 100 | 1 |
_aAguilar Bárcenas, José Antonio _9131826 |
|
| 245 | 1 | 0 |
_aUtilización de monensina sódica en vacas lecheras holstein en lactancia temprana _h[En línea] _cpor José Antonio Aguilar Bárcenas y Eduardo Cuahua Tequiliquihua. |
| 260 |
_aChapingo, Méx. : _bEl autor, _c2016. |
||
| 500 | _aPara ver el contenido del material haga clic en la liga | ||
| 502 | _aTesis (Ing. Agr. Esp. en Zootecnia ) -- UACH. Departamento de Enseñanza Investigación y Servicio en Zootecnia | ||
| 590 |
_aBATCH-UPD _b05 _c20170329 _lUCH01 _h0859 |
||
| 590 |
_aBATCH _b00 _c20181121 _lUCH01 _h0758 |
||
| 590 |
_aE11695DGD _b10 _c20170404 _lUCH01 _h1036 |
||
| 590 |
_aE5765TAJ _b05 _c20170329 _lUCH01 _h0858 |
||
| 590 |
_aE5765TAJ _b05 _c20170329 _lUCH01 _h0859 |
||
| 650 | 1 | 4 |
_aAntibióticos en nutrición animal _96052 |
| 650 | 1 | 4 |
_aBecerros _xLactancia. _9131829 |
| 650 | 1 | 4 |
_aMonesina _xEfecto en ganado lechero. _9131828 |
| 700 | 1 |
_aCuahua Tequiliquihua, Eduardo _9131827 |
|
| 856 |
_a1 _n0000056 |
||
| 856 |
_aFinding aid _uhttp://10.13.5.2/tesis/sist113045.pdf _zTeclea aquí |
||
| 901 | _aBK | ||
| 942 | _cTESIS | ||
| 942 | _n0 | ||
| 999 |
_c109506 _d109506 |
||